Money matters

Programy finančnej gramotnosti pre dospelých. Definovanie finančnej gramotnosti a jej potreba na trhu práce. Potreby dospelých vo vzťahu k manažmentu svojich financií. Programy by sa mali zameriavať na manažment osobných financií, mali by učiť dospelých zodpovednosti za svoje záležitosti, rozvíjať c...

Full description

Bibliographic Details
Main Author: Bond, Meg (Author)
Format: Article
Language:English

MARC

LEADER 00000nab a2200000 a 4500
001 vtls001505229
003 SK-MaSNL
005 20260304233622.0
008 050227s1998 xo 000 0 eng
035 |a SPKCL7556 
040 |a SPKCL  |b slo  |c SNKBUCL  |d ÚIP-SPK(SK)  |e AACR2 
041 |a eng 
044 |a xo  |c SK 
080 |a 374.7:336.76  |2 1981 
100 1 |a Bond, Meg  |4 aut  |9 1310306 
245 1 0 |a Money matters  |c Meg Bond 
520 |a Programy finančnej gramotnosti pre dospelých. Definovanie finančnej gramotnosti a jej potreba na trhu práce. Potreby dospelých vo vzťahu k manažmentu svojich financií. Programy by sa mali zameriavať na manažment osobných financií, mali by učiť dospelých zodpovednosti za svoje záležitosti, rozvíjať chápanie vzťahov medzi finančnými inštitúciami, jednotlivcami a ich komunitami. V programoch by sa mali kombinovať vedomosti z profesionálnych zdrojov a z vlastných skúseností. 
773 1 |t Adults Learning  |g Roč. 10, č. 3 (1998) s. 8-10 
850 |a Slovenská pedagogická knižnica Bratislava 
852 |a SPKCL  |b KIS3GCP  |b 000710000  |n SK 
999 |c 3199488  |d 3201418